| 000 | 00460nam a22001697a 4500 | ||
|---|---|---|---|
| 003 | OSt | ||
| 005 | 20260202065835.0 | ||
| 008 | 260202b |||||||| |||| 00| 0 eng d | ||
| 020 | _a0-345-36179-2 | ||
| 040 |
_aDWC-Main lib. _cOC |
||
| 082 | _aFic. Ir8p 1989 | ||
| 100 | _aIrving, John | ||
| 245 |
_aA prayer for Owen Meany/ _cJohn Irving |
||
| 260 |
_aNew York : _bBallantine Books, _cc1989. |
||
| 300 |
_a617 p. ; _c17 cm. |
||
| 942 |
_2ddc _cFIC. _hFic. _n0 |
||
| 999 |
_c8119 _d8119 |
||